[Event "Rumble in Riga"]
[Site "SchemingMind.com"]
[Date "2024.05.07"]
[Round "-"]
[White "Freyr"]
[Black "ray winteringham"]
[Result "1-0"]
[WhiteCountry "SCO"]
[BlackCountry "ENG"]
[WhiteElo "1757"]
[WhiteRD "131"]
[BlackElo "1436"]
[BlackRD "52"]
[GameID "744304"]

1. e4 e5 2. Nf3 f5 3. Nxe5 Qf6 4. d4 fxe4 5. Bc4 Ne7 6. Bf7+ Kd8 7. Bb3 d5 8. Bg5 Qf5 9. Bxd5 Be6 10. Bxe6 Qxe6
11. Nc3 h6 12. Bxe7+ Bxe7 13. Qg4 Qg8 14. Ng6 h5 15. Qxe4 Qf7 16. Nxh8 Qf6 17. Nd5 Bd6 18. Nxf6
1-0

[Event "Rumble in Riga"]
[Site "SchemingMind.com"]
[Date "2024.05.08"]
[Round "-"]
[White "Chessibelle"]
[Black "Freyr"]
[Result "0-1"]
[WhiteCountry "ENG"]
[BlackCountry "SCO"]
[WhiteElo "1003"]
[WhiteRD "59"]
[BlackElo "1757"]
[BlackRD "131"]
[GameID "744305"]

1. e4 e5 2. Nf3 f5 3. g3 fxe4 4. Nh4 Nf6 5. Bc4 d5 6. Be2 Bc5 7. O-O Bh3 8. Re1 O-O 9. c3 Nfd7 10. d3 Bxf2+
11. Kh1 e3 12. a3 d4 13. Bf3 g5 14. Ng2 c6 15. Qb3+ Kh8 16. Rd1 g4 17. Be4 Nc5 18. Qc2 Nxe4 19. dxe4 Qf6 20. Rf1 Bxg2+
21. Kxg2 Qf3#
0-1

[Event "Rumble in Riga"]
[Site "SchemingMind.com"]
[Date "2024.05.07"]
[Round "-"]
[White "Freyr"]
[Black "Chessibelle"]
[Result "1-0"]
[WhiteCountry "SCO"]
[BlackCountry "ENG"]
[WhiteElo "1757"]
[WhiteRD "131"]
[BlackElo "1003"]
[BlackRD "59"]
[GameID "744306"]

1. e4 e5 2. Nf3 f5 3. Nxe5 Ne7 4. exf5 c6 5. Qh5+ g6 6. fxg6 d6 7. g7+ Ng6 8. Nxg6 Bxg7 9. Nxh8+ Kd7 10. Qf7+ Qe7+
11. Qxe7+ Kxe7 12. Nc3 Bxh8 13. d3 a6 14. Bg5+ Kf7 15. f4 Nd7 16. g3 b5 17. Bg2 Bb7 18. Kd2 Re8 19. Rae1 Rg8 20. Re7+ Kg6
21. Be4+ Kh5 22. Rxh7+ Kg4 23. Rh4#
1-0

[Event "Rumble in Riga"]
[Site "SchemingMind.com"]
[Date "2024.05.08"]
[Round "-"]
[White "Arnold Jones"]
[Black "Freyr"]
[Result "0-1"]
[WhiteCountry "ENG"]
[BlackCountry "SCO"]
[WhiteElo "1505"]
[WhiteRD "63"]
[BlackElo "1757"]
[BlackRD "131"]
[GameID "744307"]

1. e4 e5 2. Nf3 f5 3. d4 fxe4 4. Nxe5 Nf6 5. Nf7 Kxf7 6. Bc4+ d5 7. Bb3 c6 8. c4 Bb4+ 9. Nc3 Bxc3+ 10. bxc3 Rf8
11. O-O Kg8 12. cxd5 cxd5 13. Be3 Qd6 14. a4 Ng4 15. g3 Nxe3 16. fxe3 Bh3 17. Rf4 Nd7 18. Rxe4 Rf1+ 19. Qxf1 Bxf1 20. Rxf1 Rf8
21. Rff4 Rxf4 22. exf4 Kf8 23. Re2 Nf6 24. Bc2 Ne4 25. Bxe4 dxe4 26. Rxe4 Qa3 27. d5 Qxc3 28. Kg2 Qc2+ 29. Kf3 Qd3+ 30. Re3 Qxd5+
31. Re4 Qb3+ 32. Kg4 Qd3 33. Re5 Qd7+ 34. Rf5+ Ke7 35. a5 g6
0-1

[Event "Rumble in Riga"]
[Site "SchemingMind.com"]
[Date "2024.05.08"]
[Round "-"]
[White "Freyr"]
[Black "Arnold Jones"]
[Result "0-1"]
[WhiteCountry "SCO"]
[BlackCountry "ENG"]
[WhiteElo "1757"]
[WhiteRD "131"]
[BlackElo "1505"]
[BlackRD "63"]
[GameID "744308"]

1. e4 e5 2. Nf3 f5 3. Nxe5 Qf6 4. d4 d6 5. Nc4 fxe4 6. Nc3 Bf5 7. g4 Bg6 8. Bg2 Qe6 9. Be3 Qxc4 10. d5 Nd7
11. Qc1 Ngf6 12. Bf1 Qxc3+ 13. bxc3 Nxd5 14. c4 Nxe3 15. fxe3 O-O-O 16. Qb2 Nc5 17. Rb1 Be7 18. Qxg7 Bh4+ 19. Ke2 Rhf8 20. Bh3 Rf2+
21. Kd1 Rf3 22. Rf1 Rxh3 23. Rf8 Rxh2 24. Rxd8+ Kxd8 25. Qf8+ Be8 26. Rc1 Nd7 27. Qf4 Rh1+ 28. Kd2 Rxc1 29. Kxc1 Bg6 30. Kd2 Be7
31. Kc3 Bf6+ 32. Kb3 Nc5+ 33. Ka3 Bc3 34. Qg5+ Kd7 35. Qd5 a5 36. Qg5 a4 37. Qh6 Kc6 38. Qf8 Nd7 39. Qa8 Nb6 40. Qg8 Bd2
41. Kb2 Bxe3 42. Kc3 Bc5 43. Qe6 a3 44. Kb3 e3 45. Kc3 Na4+ 46. Kb3 Nb2 47. g5 Kb6 48. Qe7 c6 49. Qd8+ Ka6 50. Qa8+ Ba7
51. Qd8 e2 52. Qe7 Bc5 53. Qxe2 Bf7 54. Qe7 Bxc4+ 55. Kc3 Bxa2 56. Qxh7 Bd5 57. Qh8 Kb5 58. Qb8 Bb4+ 59. Kd4 b6 60. g6 a2
61. Qa8 Na4
0-1

[Event "Rumble in Riga"]
[Site "SchemingMind.com"]
[Date "2024.05.07"]
[Round "-"]
[White "Eggchaser"]
[Black "Freyr"]
[Result "0-1"]
[WhiteCountry "JPN"]
[BlackCountry "SCO"]
[WhiteElo "1505"]
[WhiteRD "72"]
[BlackElo "1757"]
[BlackRD "131"]
[GameID "744309"]

1. e4 e5 2. Nf3 f5 3. Nxe5 Qf6 4. Nc4 fxe4 5. Nc3 Qg6 6. Ne3 Nf6 7. g3 c6 8. d3 d5 9. dxe4 dxe4 10. Bg2 Bb4
11. Bd2 O-O 12. O-O Bg4 13. Nxg4 Nxg4 14. Qe2 Bxc3 15. Bxc3 Nf6 16. Bxf6 Qxf6 17. Qxe4 Nd7 18. f4 Nb6 19. Rad1 Qxb2
0-1

[Event "Rumble in Riga"]
[Site "SchemingMind.com"]
[Date "2024.05.07"]
[Round "-"]
[White "Freyr"]
[Black "Eggchaser"]
[Result "1-0"]
[WhiteCountry "SCO"]
[BlackCountry "JPN"]
[WhiteElo "1757"]
[WhiteRD "131"]
[BlackElo "1505"]
[BlackRD "72"]
[GameID "744310"]

1. e4 e5 2. Nf3 f5 3. Nxe5 Qf6 4. d4 d6 5. Nc4 fxe4 6. Nc3 Qg6 7. f3 Nf6 8. fxe4 Nxe4 9. Bd3 Bf5 10. Qf3 Nc6
11. Nxe4 Bxe4 12. Qxe4+ Qxe4+ 13. Bxe4 Nxd4 14. c3 d5 15. cxd4 dxe4 16. O-O O-O-O 17. Be3 Be7 18. Nd2 Bf6 19. Nxe4 Bxd4 20. Bxd4 Rxd4
21. Nc3 Rd2 22. Rf2 Rhd8 23. Rxd2 Rxd2 24. b3 c6 25. Kf1
1-0